<?xml version="1.0" encoding="UTF-8"?><?xml-stylesheet type="text/xsl" href="static/style.xsl"?><OAI-PMH xmlns="http://www.openarchives.org/OAI/2.0/" xmlns:xsi="http://www.w3.org/2001/XMLSchema-instance" xsi:schemaLocation="http://www.openarchives.org/OAI/2.0/ http://www.openarchives.org/OAI/2.0/OAI-PMH.xsd"><responseDate>2026-04-17T08:01:47Z</responseDate><request verb="GetRecord" identifier="oai:www.recercat.cat:2445/223647" metadataPrefix="marc">https://recercat.cat/oai/request</request><GetRecord><record><header><identifier>oai:recercat.cat:2445/223647</identifier><datestamp>2025-12-05T01:26:10Z</datestamp><setSpec>com_2072_1057</setSpec><setSpec>col_2072_478792</setSpec><setSpec>col_2072_478917</setSpec></header><metadata><record xmlns="http://www.loc.gov/MARC21/slim" xmlns:dcterms="http://purl.org/dc/terms/" xmlns:xsi="http://www.w3.org/2001/XMLSchema-instance" xmlns:doc="http://www.lyncode.com/xoai" xsi:schemaLocation="http://www.loc.gov/MARC21/slim http://www.loc.gov/standards/marcxml/schema/MARC21slim.xsd">
   <leader>00925njm 22002777a 4500</leader>
   <datafield ind2=" " ind1=" " tag="042">
      <subfield code="a">dc</subfield>
   </datafield>
   <datafield ind2=" " ind1=" " tag="720">
      <subfield code="a">Salvadó Figueras, Anna</subfield>
      <subfield code="e">author</subfield>
   </datafield>
   <datafield ind2=" " ind1=" " tag="260">
      <subfield code="c">2025-10-14T10:17:03Z</subfield>
   </datafield>
   <datafield ind2=" " ind1=" " tag="260">
      <subfield code="c">2025-10-14T10:17:03Z</subfield>
   </datafield>
   <datafield ind2=" " ind1=" " tag="260">
      <subfield code="c">2025-10-14</subfield>
   </datafield>
   <datafield ind2=" " ind1=" " tag="520">
      <subfield code="a">L’article descriu com ha estat l’experiència de la catalogació d’un dels fons més peculiars del CRAI Biblioteca del Campus de Mundet de la Universitat de Barcelona: els llibres de text. En primer lloc i de manera molt sintètica es fa una incursió en el món de llibre de text i una aproximació conceptual tant a nivell nacional com internacional. Seguidament, es presenta la proposta de catalogació i es presta especial atenció a una de les tres fases de la catalogació: la indexació. Es conclou deixant constància de la importància que té per la qualitat de la recuperació d’informació mantenir la uniformitat en el llenguatge documental, i tenir coneixements sobre el marc historiogràfic i l’organització del sistema educatiu de l’època. Aquestes prescripcions s’han d’entendre com a pràctiques locals adaptades a les característiques especials dels fons del CRAI (Centre de Recursos per a l’Aprenentatge i la Investigació).</subfield>
   </datafield>
   <datafield tag="653" ind2=" " ind1=" ">
      <subfield code="a">Llibres de text</subfield>
   </datafield>
   <datafield tag="653" ind2=" " ind1=" ">
      <subfield code="a">Catalogació</subfield>
   </datafield>
   <datafield tag="653" ind2=" " ind1=" ">
      <subfield code="a">Indexació (Documentació)</subfield>
   </datafield>
   <datafield tag="653" ind2=" " ind1=" ">
      <subfield code="a">Sistema educatiu</subfield>
   </datafield>
   <datafield ind2="0" ind1="0" tag="245">
      <subfield code="a">Els Llibres de text del fons del CRAI (Centre de Recursos per a l’Aprenentatge i la Investigació) de la Universitat de Barcelona: una proposta de catalogació</subfield>
   </datafield>
</record></metadata></record></GetRecord></OAI-PMH>